| 000 | 00787nam a2200229Ia 4500 | ||
|---|---|---|---|
| 003 | GCL | ||
| 008 | 140319s9999 xx 000 0 ara d | ||
| 040 |
_aGCL / _cGCL |
||
| 082 | 0 | 4 |
_a657.45 _bع أ |
| 100 | 1 | _aعبدالفتاح الصحن | |
| 245 | 1 | 0 |
_aاسس المراجعة : _bالأسس العلمية والعملية / _cعبدالفتاح الصحن |
| 700 | 1 | _aمحمد سمير الصبان | |
| 700 | 1 | _aشريفة على حسن | |
| 260 |
_aالقاهرة : _bالدار الجامعية ، _c2004 |
||
| 300 |
_a423 ص ؛ _c24 سم |
||
| 650 | 0 | 4 | _aمراجعة الحسابات |
| 650 | 0 | 4 | _aالمحاسبة |
| 650 | 0 | 4 | _aالمالية العامة |
| 650 | 0 | 4 | _aالرقابة الادارية |
| 650 | 0 | 4 | _aالمخزون، مراجعة |
| 942 |
_2ddc _cBK |
||
| 999 |
_c32789 _d32789 |
||